सुजान के आँगन / (Record no. 115726)

MARC details
000 -LEADER
fixed length control field 00918nam a22002537a 4500
005 - DATE AND TIME OF LATEST TRANSACTION
control field 20170124103028.0
010 ## - LIBRARY OF CONGRESS CONTROL NUMBER
LC control number A-613786
020 ## - INTERNATIONAL STANDARD BOOK NUMBER
Terms of availability 60.00
035 ## - SYSTEM CONTROL NUMBER
System control number A-613786
037 ## - SOURCE OF ACQUISITION
Source of stock number/acquisition Cen Lib/Ret
040 ## - CATALOGING SOURCE
Original cataloging agency DPL
Language of cataloging HN
082 ## - DEWEY DECIMAL CLASSIFICATION NUMBER
Classification number
Item number मायाश
100 ## - MAIN ENTRY--PERSONAL NAME
Personal name माया शबनम
9 (RLIN) 62926
245 ## - TITLE STATEMENT
Title सुजान के आँगन /
Statement of responsibility, etc माया शबनम
246 ## - VARYING FORM OF TITLE
Title proper/short title Sujaan ke aangan /
Remainder of title by Maya Shabnam
260 ## - PUBLICATION, DISTRIBUTION, ETC. (IMPRINT)
Place of publication, distribution, etc इलाहाबाद
Name of publisher, distributor, etc साहित्य भवन
Date of publication, distribution, etc 1993
270 ## - ADDRESS
City इलाहाबाद
Address 93, जीरोरोड
300 ## - PHYSICAL DESCRIPTION
Extent 172पृ.
Dimensions 21सेमी (सजिल्द)
650 ## - SUBJECT ADDED ENTRY--TOPICAL TERM
Topical term or geographic name as entry element हिन्दी -- साहित्य
9 (RLIN) 62927
650 ## - SUBJECT ADDED ENTRY--TOPICAL TERM
Topical term or geographic name as entry element हिन्दी -- उपन्यास
9 (RLIN) 62928
650 ## - SUBJECT ADDED ENTRY--TOPICAL TERM
Topical term or geographic name as entry element Hindi -- Literature
9 (RLIN) 62929
650 ## - SUBJECT ADDED ENTRY--TOPICAL TERM
Topical term or geographic name as entry element Hindi -- Fiction
9 (RLIN) 27248
942 ## - ADDED ENTRY ELEMENTS (KOHA)
Source of classification or shelving scheme Dewey Decimal Classification
Koha item type Hindi Books
Classification part
Call number suffix मायाश
Holdings
Withdrawn status Lost status Damaged status Not for loan Home library Current library Date acquired Source of acquisition Cost, normal purchase price Total Checkouts Full call number Barcode Date last seen Date checked out Copy number Cost, replacement price Price effective from Koha item type
        Central Library Central Library 21/08/2015 Cen Lib/Ret 60.00 2 उ मायाश A-613786 17/01/2018 08/01/2018 1 60.00 21/08/2015 Hindi Books
        Central Library Central Library 24/08/2015 Cen Lib/Ret 60.00   उ मायाश A-613787 24/08/2015   1 60.00 24/08/2015 Hindi Books

© Delhi Public Library
Hit Counter
free hit counter